00362nam a2200109Ia 4500008004100000082002000041100003400061245002900095260003400124630001800158650007600176211109s9999||||xx |||||||||||||| ||und|| a894.8123bARU-A aArumeli Parameswaran Pillai,  0aAvar Angane Chindikkunnu bRanjima PubaChry Bn 12c1900 xGENERAL STACK aMalayalam literaturevMalayalam fictionxLiterature & rhetoricGeneralia